Szczegóły MARC21

Co znaczą rysunki dziecięce ? : znaczenia i potencjał komunikacyjny rysunku dziecka sześcioletniego /

005 -DATA I CZAS OSTATNIEJ MODYFIKACJI [,]
    • @
    • pole kontrolne
    • 20111102120246.0
020 -Międzynarod. znormalizowany nr książki - ISBN [ , ]
    • a
    • Numer ISBN
    • 9788373268050 Find
040 -Instytucja sporządzająca opis [ , ]
    • a
    • Instytucja, która sporządziła opis (NP)
    • SZCZ U/KLR
    • c
    • Instytucja, która sporządziła rekord (NP)
    • SZCZ U/KLR
    • d
    • Instytucja, która zmodyfikowała rekord (P)
    • SZCZ U/MM
041 -Język dokumentu [0, ]
    • a
    • Język tekstu (P)
    • polski
044 -Kraj miejsca wydania [ , ]
    • a
    • Kraj miejsca wydania
    • Polska
942 -Rodzaj dokumentu [ , ]
    • c
    • Rodzaj dokumentu
    • Książka
100 -Hasło główne - nazwa osobowa [1, ]
    • 9
    • KHW
    • 27419
    • a
    • Nazwa osobowa (NP)
    • Karczmarzyk, Małgorzata.
245 -Strefa tytułu i oznaczenia odpowiedzialności [1,0]
    • a
    • Tytuł
    • Co znaczą rysunki dziecięce ? : Find
    • b
    • Ciąg dalszy tytułu (NP)
    • znaczenia i potencjał komunikacyjny rysunku dziecka sześcioletniego / Find
    • c
    • Pozostałe elementy strefy tytułu i oznaczenia odpowiedzialności (NP)
    • Małgorzata Anna Karczmarzyk.
260 -Strefa adresu wydawniczego [ , ]
    • a
    • Miejsce wydania (P)
    • Gdańsk :
    • b
    • Nazwa wydawcy (P)
    • Wydawnictwo Uniwersytetu Gdańskiego,
    • c
    • Data wydania (P)
    • 2011.
300 -Strefa opisu fizycznego [ , ]
    • a
    • Określenie formy książki i/lub objętość (NP)
    • 291 s. :
    • b
    • Oznaczenie ilustracji (NP)
    • il. ;
    • c
    • Format (NP)
    • 21 cm.
504 -Uwaga dot. bibliogr. załącznikowej [ , ]
    • a
    • Uwaga dot. bibliografii załącznikowej
    • Bibliogr.
080 -Uniwersalna Klasyfikacja Dziesiętna [ , ]
    • 2
    • Identyfikator wydania tablic
    • UDC-P058
    • 9
    • UKD
    • 2800
    • a
    • Symbol klasyfikacji
    • 316.346.3-053.2
    • b
    • Dopowiedzenie
    • Socjologia dziecka.
080 -Uniwersalna Klasyfikacja Dziesiętna [ , ]
    • 2
    • Identyfikator wydania tablic
    • UDC-P058
    • 9
    • UKD
    • 3837
    • a
    • Symbol klasyfikacji
    • 37.015.3
    • b
    • Dopowiedzenie
    • Psychologia pedagogiczna. Psychologia wychowawcza.
080 -Uniwersalna Klasyfikacja Dziesiętna [ , ]
    • 2
    • Identyfikator wydania tablic
    • UDC-P058
080 -Uniwersalna Klasyfikacja Dziesiętna [ , ]
    • 2
    • Identyfikator wydania tablic
    • UDC-P058
    • 9
    • UKD
    • 2823
    • a
    • Symbol klasyfikacji
    • 316.61
    • b
    • Dopowiedzenie
    • Osobowość socjokulturowa. Socjalizacja osobowości. Odczucia i emocje społeczne.
080 -Uniwersalna Klasyfikacja Dziesiętna [ , ]
    • 2
    • Identyfikator wydania tablic
    • UDC-P058
    • 9
    • UKD
    • 9889
    • a
    • Symbol klasyfikacji
    • 37.017:7
    • b
    • Dopowiedzenie
    • Wychowanie estetyczne, rozwijanie zdolności twórczych, myślenia twórczego.
080 -Uniwersalna Klasyfikacja Dziesiętna [ , ]
    • 2
    • Identyfikator wydania tablic
    • UDC-P058
    • 9
    • UKD
    • 2751
    • a
    • Symbol klasyfikacji
    • 316.28
    • b
    • Dopowiedzenie
    • Kierunki opierające się na teorii komunikowania. Teoria działania. Teoria ról. Teoria grup odniesienia. Teoria wymiany. Teoria konfliktu
980 -Symbol UKD [ , ]
    • a
    • UKD
    • 316.346.3-053.2:37.015.3:316.61:37.017:7+159.95:316.28
920 -ISBN [ , ]
    • a
    • ISBN
    • 978-83-7326-805-0 Find
Numer inwentarzowy Status udost. Lokalizacja Data inwentaryzacji
Z.1155771BG2011-10-07